=LDR 00000nam 2200000 4500 =001 INLIS000000000809818 =008 ###################################ind## =035 ##$$a 0010-0825000311 =245 ##$$a Wadah Wadah Kreatif / $c Bagas Shinugi =260 ##$$b Mediantara Semesta =020 ##$$a 978979226580 =084 ##$$a 749.7 NUG w =520 ##$$a Pekerjaan tangan =082 ##$$a 749.7